000 00790nam a22002292 4500
001 0000002431
005 20151217151854.0
008 070411s xx 000 0 eng d
020 _cKES 7,000
040 _aKABU
_cKABU
050 0 _aHF5549.2
_b.A75M39 2001
245 1 0 _aMaximizing human intelligence deployment in Asian business :
_bthe sixth generation project /
_cedited by John B. Kidd, Xue Li and Frank-Jurgen Ritcher.
260 _aHoundsmills :
_bPalgrave,
_c2001.
300 _axiii, 229 p.
650 0 _aPersonnel management
_zAsia.
_@0000151790
700 1 _aKidd, John B.
_@0000151791
700 1 _aLi, Xue.
_@0000151792
700 1 _aRitcher, Frank-Jurgen.
_@0000151793
908 _a070411
950 _@1
999 _c5851
_d5851